000 00356nam a2200157Ia 4500
008 151213s9999 xx 000 0 und d
100 _aH,P.Gupta
245 _aComparative Law
_cH,P.Gupta
250 _a1st
260 _aIndia
_bContract Law Agency
_c1994
300 _a5155 p.
650 _aLaw
650 _aLaw
700 _aH,P.Gupta
999 _c3183
_d3183